Principles And Practices Of Banking/ (Record no. 3177)
[ view plain ]
| 000 -LEADER | |
|---|---|
| fixed length control field | 02963nam a22002177a 4500 |
| 020 ## - INTERNATIONAL STANDARD BOOK NUMBER | |
| ISBN | 023063611X |
| 020 ## - INTERNATIONAL STANDARD BOOK NUMBER | |
| ISBN | 9780230636118 |
| 050 ## - CALL NUMBER | |
| Classification number | HG221 |
| Item number | .P75 |
| 100 ## - AUTHOR | |
| Personal name | IIBF |
| 110 ## - AUTHOR | |
| CORPORATE AUTHOR | IIBF |
| 245 ## - TITLE | |
| Title | Principles And Practices Of Banking/ |
| Remainder of title | For Jaiib Examinations |
| Statement of responsibility, etc | IIBF |
| 250 ## - EDITION | |
| Edition statement | 2nd |
| 260 ## - PUBLICATION INFORMATION | |
| Place of publication | Delhi |
| Name of publisher | Macmillan India Limited, |
| Year of publication | 2008. |
| 300 ## - DESCRIPTION | |
| Number of Pages | v, 492 p.; |
| Other physical details | col. illus., |
| Dimensions | 23 cm. |
| 500 ## - NOTES | |
| General note | Includes Index |
| 505 ## - FORMATTED CONTENTS NOTE | |
| Table of Content | MODULE - A: INDIAN FINANCIAL SYSTEM<br/>Chapter 1: Indian Financial System - An Overview<br/>Chapter 2: Banking Regulation<br/>Chapter 3: Retail Banking, Wholesale and International Banking, ADR, GDR and Participatory Notes<br/>Chapter 4: Role and Function of Capital Market, Securities and Exchange Board of India (SEBI)<br/>Chapter 5: Role Functions of Mutual Funds<br/>Chapter 6: Role and Functions of Insurance Companies, Bancassurance and Insurance Regulatory and Development Authority (IRDA)<br/>Chapter 7: Factoring, Forfaiting Services and Off- Balance Items<br/>Chapter 8: Risk Management and BASEL II - An Overview<br/>Chapter 9: Alliances/ Mergers/ Consolidation<br/>Chapter 10: Credit Information Bureau (India) Limited (CIBIL), Fair Practices Code for Debt Collection and Banking Codes and Standards Board of India<br/>Chapter 11: Recent Developments in the India Financial System<br/><br/>MODULE - B: FUNCTIONS OF BANKS<br/>Chapter 12: Banker - Customer Relationship<br/>Chapter 13: Banker's Special Relationship<br/>Chapter 14: Payment and Collection of Cheques and Other Negotiable Instruments<br/>Chapter 15: Opening of Accounts of Various Types of Customers<br/>Chapter 16: Ancillary Services<br/>Chapter 17: Principles of Lending, Working Capital Assessment and Credit Monitoring<br/>Chapter 18: Priority Sector Advances<br/>Chapter 19; Agricultural Finance<br/>Chapter 20: Micro, Small & Medium Enterprises in India<br/>Chapter 21: Government Sponsored Schemes<br/>Chapter 22: Self - Help Groups<br/>Chapter 23: Credit Cards, Home Loans, Personal Loans, Customer Loans<br/>Chapter 24: Documentation<br/>Chapter 25: Different Modes of Charging Securities<br/>Chapter 26; Types of Collaterals and their Characteristics<br/>Chapter 27: Non - Performing Assets<br/>Chapter 28: Financial Inclusion<br/><br/>MODULE - C: BANKING TECHNOLOGY<br/>Chapter 29: Essentials of bank Computarisation<br/>Chapter 30; Payment Systems and Electronic Banking<br/>Chapter 31: Data Communication Network and EFT Systems<br/>Chapter 32: Role of Technology Upgradation and its Impact on Banks<br/>Chapter 33: Security Considerations<br/><br/>MODULE - D: SUPPORT SERVICES - MARKETING OF BANKING SERVICES/ PRODUCTS<br/>Chapter 34: Marketing - An Overview<br/>Chapter 35: Consumer Behaviour and Product<br/>Chapter 36: Pricing<br/>Chapter 37: Distribution<br/>Chapter 38: Channel Management<br/>Chapter 39: Promotion<br/>Chapter 40: Role of Direct Selling Agent/ Direct Marketing Agent in a Bank<br/>Chapter 41: Marketing Information Systems - A Longitudinal Analysis |
| 650 ## - SUBJECTS | |
| Topical Term | Banking |
| General subdivision | Practices Of Banking |
| 700 ## - OTHER AUTHORS | |
| Personal name | IIBF |
| 710 ## - OTHER AUTHORS | |
| OTHER AUTHORS | IIBF |
| 942 ## - ADDED ENTRY ELEMENTS (KOHA) | |
| Koha item type | Books |
| Withdrawn status | Lost status | Home library | Current library | Shelving location | Date acquired | Full call number | Accession Number | Koha item type |
|---|---|---|---|---|---|---|---|---|
| Methodist University Library Tema | Methodist University Library Tema | Reference | 05/04/2012 | HG221 .P75 | 35292 | Books |